00844nam a2200265 a 450000100060000000300090000600800410001502000180005604000280007404100080010210000210011024501190013125000110025026000330026130000260029450000680032065000220038865000210041065000240043165000390045565000250049465000200051970000180053970000210055724423CO-ViMGA141112s2004 ck r 000 u spa d a9789588445311 aCO-ViMGAbspacCO-ViMGA aSPA1 aTrivizas, Eugene10aLos tres lobitos y el cochino feroz / cEugene Trivizas; ilustrado por Helen Oxembury ; traducido por Alex Dearden a9a ed. aBogotá : bEkaré, c2011 a30 p. : il.col. : il. aTítulo original : The three little wolves and the big bad pig14aAMISTAD - CUENTO 14aCERDOS - CUENTO 14aDESDE LOS 6 AÑOS 14aLEER ES MI CUENTO - COLECCION 201114aLITERATURA INFANTIL 14aLOBOS - CUENTO 1 aDearden, Alex1 aOxenbury, Helen